Korupce a boj s ní v podmínkách demokratického právního státu

Podrobná bibliografia
Hlavný autor: Němec, Miroslav, 1950- (Autor)
Médium: Článok
Jazyk:čeština
ISBN:9788080544416
Predmet:

MARC

LEADER 00000nab a2200000 ar4500
001 vtls009623082
003 SK-MaSNL
005 20260304175505.0
008 090701|2008 xo u|me|||||||00 ||cze
015 |a SNBRA2009/02 
038 |a SNKBUCL 
040 |a SNKBUCL  |b slo  |c SNKBUCL  |e AACR2 
041 0 |a cze 
044 |a xo  |c SK 
080 |a 343.35  |2 2001 
080 |a 343.132  |2 2001 
080 |a 343.16  |2 2001 
080 |a 351.74  |2 2001 
100 1 |a Němec, Miroslav,  |d 1950-  |4 aut  |9 86655 
245 1 0 |a Korupce a boj s ní v podmínkách demokratického právního státu  |c Miroslav Němec 
500 |a Zborník zostavili Jana Viktoryová a Jaroslav Blatnický 
504 |a Bibliogr. odkazy 
611 2 7 |a Vyšetrovanie trestných činov - súčasnosť a perspektívy  |d (2008 : Bratislava, Slovensko)  |2 snkbucl  |9 1222045 
650 0 7 |a korupcia  |2 snkbucl  |9 1699 
650 0 7 |a policajné vyšetrovanie  |2 snkbucl  |9 4185 
650 0 7 |a vyšetrovanie trestných činov  |2 snkbucl  |9 1687 
650 0 7 |a polícia  |2 snkbucl  |9 1673 
650 0 7 |a vyšetrovatelia  |2 snkbucl  |9 2779 
773 0 |t Zborník vedeckých prác z medzinárodnej vedeckej konferencie. Vyšetrovanie trestných činov - súčasnosť a perspektívy  |d Bratislava : Akadémia policajného zboru - Katedra vyšetrovania, 2008  |g S. 156-161  |z 9788080544416 
852 |a SNK  |b KIS3GCP 
958 |a SK 
999 |c 3013716  |d 3015646